Možnosti spracovania a využitia lesnej biomasy na krmivo

Bibliographic Details
Main Author: Čikovský, Ladislav, 1931- (Author)
Format: Article
Language:Slovak
PhysicalDescription:Tb. 1.
Subjects:

MARC

LEADER 00000nab a2200000 a 4500
001 vtls000009489
003 SK-MaSNL
005 20260304172512.0
008 250526c1978 xo 0 slo
015 |a SNBRB19rr/mm-uuuuu 
035 |a CL0019583 
035 |a urn:nbn:sk:snk-ab26ad 
035 |a (urnnbn)urn:nbn:sk:snk:ar-a01qrh 
035 |a (uuid)83622a01-22d1-4110-b062-0fc4b3aa7083 
040 |a SNKBUCL  |b slo  |c SNKBUCL  |e AACR2 
041 0 |a slo 
044 |a xo  |c SK 
080 |a 636.08  |2 1981 
080 |a 634.0.8  |2 1981 
100 1 |a Čikovský, Ladislav,  |d 1931-  |4 aut  |9 39006 
245 1 0 |a Možnosti spracovania a využitia lesnej biomasy na krmivo  |c Ladislav Čikovský 
300 |b Tb. 1. 
650 0 7 |a krmivá  |2 snkbucl  |9 2812 
650 0 7 |a lesná biomasa  |2 snkbucl  |9 122097 
655 7 |a články z novín a časopisov  |2 snkbucl  |9 267496 
773 0 |t Les  |g Roč. 34, č. 9 (1978), s. 356-358 
850 |a Slovenská národná knižnica 
852 |a Slovenská národná knižnica 
954 |a odborná, vedecká literatúra pôvodná (slovenská)  |2 lita 
958 |a ONDV 
958 |a article2022 
958 |a RK 
992 |a RBX 
999 |c 2998870  |d 3000800